Output Decline and Recovery in Central Europe <The> Role of Incentives Before, During and After Privatisation

Salvato in:
Dettagli Bibliografici
Autore principale: Raiser, Martin
Altri autori: Nunnenkamp, Peter
Natura: Libro
Lingua:inglese
Pubblicazione: Kiel Institut für Weltwirtschaft 1993
Serie:Kiel Working Paper No.601
Soggetti:
Tags: Aggiungi Tag
Nessun Tag, puoi essere il primo ad aggiungerne!!

MARC

LEADER 00000nam a2200000 4500
001 c005349
005 20250521093031.0
041 0 |a eng 
044 |a DE 
245 1 0 |a Output Decline and Recovery in Central Europe  |b <The> Role of Incentives Before, During and After Privatisation  |c Martin Raiser, Peter Nunnenkamp 
264 1 |a Kiel  |b Institut für Weltwirtschaft  |c 1993 
300 |a 28 s. 
490 1 |a Kiel Working Paper  |v No.601 
830 0 |a Kiel Working Paper  |v No.601 
610 2 0 |a Európa 
610 2 0 |a reformy hospodárske 
610 2 0 |a Česko 
610 2 0 |a Slovensko 
610 2 0 |a Maďarsko 
610 2 0 |a Poľsko 
610 2 0 |a rozpočet štátny 
610 2 0 |a privatizácia 
610 2 0 |a produktivita práce 
610 2 0 |a nezamestnanosť 
610 2 0 |a výroba 
610 2 0 |a inflácia 
610 2 0 |a trh práce 
100 1 |a Raiser, Martin 
700 1 |a Nunnenkamp, Peter